Bài tập điện tử : t.I /

Đã lưu trong:
書目詳細資料
主要作者: Nguyễn Minh Quang
其他作者: Đặng Đình Tòng
格式: Sách giấy
語言:Vietnamese
出版: Đà Lạt : Viện Đại học Đà Lạt , 1968
標簽: 添加標簽
沒有標簽, 成為第一個標記此記錄!
Thư viện lưu trữ: Thư viện Trường Đại học Đà Lạt
LEADER 00640nam a2200253 4500
001 DLU020016693
005 ##12/12/2000
020 # # |a 978- 
041 # # |a vie 
082 # # |a 537.076  |b NG-Q 
100 # # |a Nguyễn Minh Quang 
245 # # |a Bài tập điện tử :  |b t.I /  |c Nguyễn Minh Quang, Đặng Đình Tòng 
260 # # |a Đà Lạt :  |b Viện Đại học Đà Lạt ,  |c 1968 
300 # # |a 135 tr.;   |c 26 cm. 
700 # # |a Đặng Đình Tòng 
992 # # |a 1260 
994 # # |a DLU 
900 # # |a False 
911 # # |a Administrator 
925 # # |a G 
926 # # |a A 
927 # # |a SH 
980 # # |a Thư viện Trường Đại học Đà Lạt